| 000 | 01683cam a2200229 4500500 | ||
|---|---|---|---|
| 005 | 20260405004819.0 | ||
| 041 | _afre | ||
| 042 | _adc | ||
| 100 | 1 | 0 |
_aZagano, Phyllis _eauthor |
| 245 | 0 | 0 | _aLe diaconat des femmes : Enquête sur les études vaticanes |
| 260 | _c2025. | ||
| 500 | _a1 | ||
| 520 | _aSummary :This article traces the evolution of the debate on the ordination of women to the diaconate in the Catholic Church, from the initial discussions at the bishops’ synod in the early 1970s to the recent statements by Pope Francis. It analyzes the various studies conducted by the International Theological Commission and the pontifical commissions, as well as the discussions during the global Synod on Synodality. The author presents the historical, liturgical, and theological arguments put forward for and against the restoration of the female diaconate, drawing on examples from the early Church and the evolution of practices up to the present day. The article highlights the complexity of the issue, the diversity of positions within the Church, and concludes with Pope Francis’s negative response in May 2024, while emphasizing that the debate remains open. This summary reflects the main points addressed in the article and provides a clear understanding of its essence | ||
| 690 | _aDiaconat | ||
| 690 | _aFemmes diacres | ||
| 690 | _aSynode sur la synodalité | ||
| 690 | _aDiaconate | ||
| 690 | _aSynod on Synodality | ||
| 690 | _aWomen Deacons | ||
| 786 | 0 | _nProche-Orient Chrétien | 75 | 1 | 2025-08-18 | p. 36-62 | 0032-9622 | |
| 856 | 4 | 1 | _uhttps://shs.cairn.info/revue-proche-orient-chretien-2025-1-page-36?lang=fr&redirect-ssocas=7080 |
| 999 |
_c2078521 _d2078521 |
||